Explotación del mezquite en San Luis Potosí (Record no. 10362)

MARC details
000 -CABECERA
campo de control de longitud fija 01003nam a2200265 a 4500
001 - NÚMERO DE CONTROL
campo de control BRL_1553
005 - FECHA Y HORA DE LA ÚLTIMA TRANSACCIÓN
campo de control 20190320211247.0
008 - DATOS DE LONGITUD FIJA--INFORMACIÓN GENERAL
campo de control de longitud fija 030314s1991----mx-aob####---#000-0#spa-#
020 ## - NÚMERO INTERNACIONAL ESTÁNDAR DEL LIBRO
Número Internacional Estándar del Libro 9686415106
041 ## - CÓDIGO DE LENGUA
Código de lengua del texto/banda sonora o título independiente spa
044 ## - CÓDIGO DEL PAÍS DE LA ENTIDAD EDITORA/PRODUCTORA
Código MARC del país mx
050 #4 - SIGNATURA TOPOGRÁFICA DE LA BIBLIOTECA DEL CONGRESO
Número de clasificación SB317.M47
Número de documento/Ítem .A74 1991
100 1# - ENTRADA PRINCIPAL--NOMBRE DE PERSONA
Nombre de persona Argüelles, Andrés de G.
9 (RLIN) 27256
245 10 - MENCIÓN DE TÍTULO
Título Explotación del mezquite en San Luis Potosí
Resto del título una perspectiva histórica
Mención de responsabilidad, etc. texto Andrés de G. Argüelles ; fotografía R. Alejandro Montoya.
260 ## - PUBLICACIÓN, DISTRIBUCIÓN, ETC.
Lugar de publicación, distribución, etc. San Luis Potosí, S.L.P.
Nombre del editor, distribuidor, etc. Archivo histórico del Estado de San Luis
Fecha de publicación, distribución, etc. 1991
300 ## - DESCRIPCIÓN FÍSICA
Extensión 88 p.
Otras características físicas il., fotografías (blanco y negro), mapas
Dimensiones 23 cm.
500 ## - NOTA GENERAL
Nota general ej.1 Au1817, ej.2 Au2115
500 ## - NOTA GENERAL
Nota general La biblioteca cuenta con 2 ejemplares
504 ## - NOTA DE BIBLIOGRAFÍA, ETC.
Nota de bibliografía, etc. Bibliografía: p. 80-87
650 14 - PUNTO DE ACCESO ADICIONAL DE MATERIA--TÉRMINO DE MATERIA
Término de materia o nombre geográfico como elemento de entrada Mezquite
Subdivisión general Historia
Subdivisión geográfica San Luis Potosí (Estado)
9 (RLIN) 27257
650 14 - PUNTO DE ACCESO ADICIONAL DE MATERIA--TÉRMINO DE MATERIA
Término de materia o nombre geográfico como elemento de entrada Mezquite
Subdivisión general Historia - Uso
Subdivisión geográfica San Luis Potosí (Estado)
9 (RLIN) 27258
700 1# - PUNTO DE ACCESO ADICIONAL--NOMBRE DE PERSONA
Nombre de persona Montoya, R. Alejandro
Término indicativo de función/relación il.
9 (RLIN) 27259
902 ## - CATALOGADOR
Iniciales GRL
942 ## - ELEMENTOS DE PUNTO DE ACCESO ADICIONAL (KOHA)
Fuente del sistema de clasificación o colocación Library of Congress Classification
Tipo de ítem Koha Libros
Holdings
Estado de retiro Estado de pérdida Estado dañado No para préstamo Localización permanente Ubicación/localización actual Fecha de adquisición Total de préstamos Signatura topográfica completa Código de barras Fecha visto por última vez Precio válido a partir de Tipo de ítem Koha
El ejemplar forma parte de la colección y puede ser consultado según las políticas vigentes.       Biblioteca Centro de Estudios Ruth D. Lechuga Biblioteca Centro de Estudios Ruth D. Lechuga 03/03/2014   SB317.M47 .A74 1991 GRL01712 22/03/2019 22/03/2019 Libros
El ejemplar forma parte de la colección y puede ser consultado según las políticas vigentes.       Biblioteca Centro de Estudios Ruth D. Lechuga Biblioteca Centro de Estudios Ruth D. Lechuga 23/12/2015   SB317.M47 .A74 1991 GRL01713 22/03/2019 22/03/2019 Libros